000
00321nam a2200145Ia 4500
008
230718s9999 xx 000 0 und d
041
_a
Eng.
082
_a
320.4
_b
ABB-Q
100
_a
Abbas,Syed,Naveed
245
0
_a
qanun-e-shahdat 1984
260
_a
Pakistan
_b
"
_c
2013
300
_a
96
650
_a
Law
999
_c
30222
_d
30222